000 00900nam0a22002531 4500
001 rc\2777816
005 20250806205234.0
035 _a(NLR Aleph) 006904072
090 _a31714
_c31714
100 _a20110915d1942 u y0rusy50 ca
101 0 _arus
102 _aRU
105 _aa z |||||
200 1 _aОтогревание замороженных труб внутренней сантехники
_fИнж. Л. Г. Демидов
210 _aМосква
_aЛенинград
_cИзд-во Наркомхоза РСФСР
_d1942
215 _a24, [1] с.
_cтабл., черт.
_d21 см.
700 1 _aДемидов
_bЛ.Г.
_gЛаврентий Герасимович
801 0 _aRU
_bNLR
_gpsbo
801 1 _aRU
_bELAR
_2rusmarc
852 _aNLR
_jТ80 Г-4/167
942 _cBOOK
945 _aРоссийская национальная библиотека
980 _aNB
980 _aBV